| 000 | 00990nam a22003017a 4500 | ||
|---|---|---|---|
| 001 | 9716 | ||
| 003 | FISKH | ||
| 005 | 20260130110612.0 | ||
| 008 | 260130b cb ||||| |||| 00| 0 eng d | ||
| 020 | _a9788956353364 | ||
| 040 |
_aFISKH _beng _cFISKH _dFISKH |
||
| 050 | _aPZ7 | ||
| 082 | _a398.2 | ||
| 100 |
_aGrimm, Brothers _eAuthor |
||
| 245 |
_aThe fisherman and his wife / _cBrothers Grimm ; series editor : Ian Bosiak , Michelle Park |
||
| 260 |
_aSeoul : _bXACT , _c2009 |
||
| 300 |
_a22 pages : _bcolor illustrations ; _c21 cm |
||
| 490 |
_aMy first classic readers : _vLevel 2 |
||
| 505 | _aJ | ||
| 520 | _aA fisherman catches a magical fish. The fish can make wishes come true. What will the fisherman and his wife wish for? | ||
| 521 | 8 |
_a500
_bLexile estimate |
|
| 521 | 8 |
_aJ
_bRaz-Plus |
|
| 650 |
_aMagical fish _vFisherman |
||
| 650 |
_aChildren's picture book _vFairytale |
||
| 700 |
_aBosiak, Ian _eSeries editor |
||
| 942 |
_2ddc _cBK _n0 |
||
| 999 |
_c9716 _d9716 |
||